Wind damage in rubber plantations (Record no. 72455)

MARC details
000 -LEADER
fixed length control field 00358nam a2200145Ia 4500
100 ## - MAIN ENTRY--AUTHOR NAME
Personal name Mathew M
245 #0 - TITLE STATEMENT
Title Wind damage in rubber plantations
260 ## - PUBLICATION, DISTRIBUTION, ETC. (IMPRINT)
Name of publisher Rubber Board Bulletin
Year of publication 1967
300 ## - PHYSICAL DESCRIPTION
Number of Pages 39-44
650 ## - SUBJECT ADDED ENTRY--TOPICAL TERM
Topical Term Rubber plantations
650 ## - SUBJECT ADDED ENTRY--TOPICAL TERM
Topical Term Wind damage
700 ## - ADDED ENTRY--PERSONAL NAME
Personal name George C M
942 ## - ADDED ENTRY ELEMENTS (KOHA)
Koha item type Journals
Holdings
Withdrawn status Lost status Damaged status Not for loan Home library Current library Shelving location Date acquired Serial Enumeration / chronology Koha item type
      Journals RRII Library RRII Library Soils and agonomy 17/12/2021 Volume 9, Issue 3 Journals